000 00714nam a2200241Ia 4500
003 OSt
005 20220918193246.0
006 a|||||r|||| 00| 0
007 ta
008 220917b |||||||| |||| 00| 0 eng d
024 _a72,417
037 _cTextual
040 _aARTS
_cARTS
_beng
041 _2eng
_aeng
082 _aR43W.2, K7
100 _aMallik Basanta Kumar
_979915
245 0 _aHindu inheritance imcorruptible
_b studies mainly in the philosophy of the state and community
260 _aCalcutta
_bFirma K L Mukhopadhyay
_c1967
300 _aix,242p.
_ccm.
650 _aSOCIAL ETHICS
_9763
942 _hR43W.2, K7
_cTEXL
_2CC
999 _c198405
_d198405